Annibale Evaristo Breccia in Egitto /

محفوظ في:

المؤلف الرئيسي: Abdel-Fattah, Ahmed (مؤلف)

مؤلفون آخرون: Minutoli, Diletta.

التنسيق: كتاب

اللغة: Italian

منشور في: Cairo : Istituto italiano di cultura del Cairo, 2003.

سلاسل: Biblioteca Archeologica ; 1.
BiblArch. ; 1.

الموضوعات:

الوسوم: إضافة وسم

لا توجد وسوم, كن أول من يضع وسما على هذه التسجيلة!

رقم الطلب: DT57 .I95 v.1

LEADER 01093namaa2200301 4500
001 13185
003 OSt
005 20241121085048.0
008 130303s2003 ua 000 0bita d
952 |0 0  |1 0  |2 lcc  |3 v.1  |4 0  |6 DT0057 I95 V.00001  |7 1  |9 16035  |a ARCE  |b ARCE  |d 2021-06-12  |l 0  |o DT57 .I95 v.1  |p 1018530  |r 2021-06-12 00:00:00  |w 2021-06-12  |y BK 
999 |c 12517  |d 12517 
040 |c ARCE Library 
043 |a f-ua--- 
050 0 4 |a DT57 .I95 v.1 
100 1 |a Abdel-Fattah, Ahmed,  |e author 
245 1 0 |a Annibale Evaristo Breccia in Egitto /  |c a cura di Ahmed Abdel Fattah [and others] ; mostra documentaria a cura di Diletta Minutoli. 
264 1 |a Cairo :  |b Istituto italiano di cultura del Cairo,   |c 2003. 
300 |a xv, 198 pages ;   |c 24 cm. 
490 1 |a Biblioteca Archeologica ;   |v 1. 
490 1 |a BiblArch. ;   |v 1. 
600 1 0 |a Breccia, Evaristo,  |d 1876-1967. 
650 0 |a Excavations (Archaeology) 
651 0 |a Egypt  |x Travel  |x History. 
700 1 |a Minutoli, Diletta.  |9 36040 
830 0 |a Biblioteca Archeologica ;   |v 1. 
830 0 |a BiblArch. ;   |v 1. 
901 |a reviewed 
942 |c BK  |2 lcc